00844cam a2200277 i 450000100090000000300040000900500170001300800410003001000170007102000430008802000400013103500200017104000280019104200080021905000200022706000110024708200190025824500780027724600150035525000180037030000610038850400510044965000160050065000160051670000340053218054429OSt20150503132531.0140228t20142014nyua b 001 0 eng  a 2014007925 a9780071798938 (hardcover : alk. paper) a0071798935 (hardcover : alk. paper) a(DNLM)101626979 aDNLM/DLCcDLCerdadDLC apcc00aRG524b.W7 201410aWQ 10000a618.2223bWIO00aWilliams obstetrics /c[edited by] F. Gary Cunningham [and seven others].10aObstetrics a24th edition. axviii, 1358 pages :billustrations (some color) ;c29 cm aIncludes bibliographical references and index. 0aObstetrics.12aObstetrics.1 aCunningham, F. Gary,eeditor.